000 00456nam a2200169Ia 4500
999 _c3272
_d3272
003 OSt
005 20210122102600.0
008 190216s9999||||xx |||||||||||||| ||und||
040 _coclc
082 _a540
_bGUP/H
100 _aGupta, R K
_94149
245 0 _aA Handbook Of Chemistry /
_cR K Gupta
260 _bCyber Tech,
_aNew Delhi:
_c2005.
300 _a1276p
650 _aChemistry
942 _cREF
_2ddc
_h540
_iGUP/H
_k540
_mGUP/H